[Event "Campeonato Mundial da FIDE"]
[Site "CXC"]
[Date "2004.06.28"]
[Round "5.1"]
[White "Dominguez, L."]
[Black "Radjabov, T."]
[Result "1-0"]
[WhiteElo "2612"]
[BlackElo "2670"]
[EventDate "2004.06.19"]
[Annotator "MI Nikolai Vlassov"]
[PlyCount "89"]
[Source "Chess Today"]
[SourceDate "2004.06.29"]

1. e4 c5 2. Nf3 Nc6 3. Nc3 Nf6 4. Bb5 Qc7 5. O-O Nd4 6. Re1 a6 7. Bf1 ({Ou} 
7. Bc4 d6 8. Nd5 Nxd5 9. exd5 g6 10. Nxd4 cxd4 11. d3 h6 12. b4 $5 Bg7 13. Qe2
Bf6 14. Qf3 Kf8 15. Bb2 Qb6 16. a3 h5 17. h3 h4 18. Qf4 Bf5 19. Rab1 Rh5 20. a4
Be5 21. Qf3 Rc8 {Kasparov-Leko, Linares 2003 (1/2-1/2)}) 7... e5 $1
{Este bem conhecido lance protege as pretas de um possivel ataque.} 8. Bc4 d6
9. Ng5 $6 ({O lance mais apropriado} 9. h3
{tem servido para que as brancas obtenham vantagem na abertura} 9... Be6 10. d3
b5 11. Bxe6 fxe6 12. a4 b4 13. Nxd4 cxd4 14. Na2 a5 15. c3 bxc3 16. bxc3 Be7
17. cxd4 exd4 18. Bg5 O-O 19. Nc1 Nxe4 20. Bxe7 Nxf2 21. Qb3 Qxe7 22. Ra2 Rab8
23. Qc4 Rbc8 24. Qb3 Rc3 25. Qb5 Qh4 26. Rae2 Nxh3+ 27. gxh3 Qg3+
{0-1 Oral-Kovalev, Czech Republic, 2002}) 9... h6 $1 $146
{Esta e uma forte e fundamental resposta para o fragil jogo branco. As pretas permitem que o Cavalo de seu oponente tome em f7 e fique perdido.} (
{Anteriormente era jogado} 9... Ne6 10. d3 Be7 11. a4 O-O 12. Nxe6 Bxe6 13. f4
exf4 14. Bxf4 Nd7 15. a5 Bf6 16. Qd2 Rfe8 {Lukin - Mnatzakanian, Moscou 1983})
10. Nxf7 $5 (10. Nf3 Bg4 $15 {e mau.}) 10... Rh7 11. Nd5 Nxd5 $1 (
{Muito pior era} 11... Qxf7 $2 {em vista de} 12. Nb6 ({tambem e interessante} 
12. c3 $5 Ne6 (12... b5 13. Nxf6+ Qxf6 14. Bd5 Ra7 15. cxd4 $16) 13. Nb6 Rb8
14. Qb3 $1 Bd7 15. d4 $1
{aqui as brancas certamente possuem alguma compensacao - o centro vai se abrir e as pecas pretas estao muito restringidas.})
12... Qg6 13. c3 (13. Nxa8 Bg4 14. Be2 Nxe2+ 15. Rxe2 Bxe2 16. Qxe2 Qxe4 $15)
13... Bh3 14. Bf1 Bg4 15. Qa4+ Bd7 16. Nxd7 Nxd7 17. cxd4 $16
{com uma clara vantagem para as brancas.}) 12. c3 $5
{Os jogadores fizeram apenas 11 lances e a posicao branca ja esta perdida. A ultima chance para elas e tentar confundir o oponente.} (
{Depois de} 12. Bxd5 g6 13. c3 Ne6
{as brancas conseguem alguns Peoes pelo Cavalo, que nao e suficiente devido ao centro fechado}) (
{jogar} 12. Nxe5 dxe5 13. exd5 $5
{e uma otima ideia! A coluna "e" fica aberta, pondo em perigo o Cavalo d4, mas apos}
13... Bf5 $1 14. d3 O-O-O 15. a4 Bd7 $19
{o Cavalo preto se livra das ameacas e o Rei consegue um lugar seguro.})
12... Nf4 $2 ({Depois do forcado} 12... Nb6 {as pretas teriam vencido!}
13. Nxe5 (13. Qh5 g6 $1 14. Qxg6 Rxf7 15. Bxf7+ Qxf7 16. Qxf7+ Kxf7 17. cxd4
cxd4 $19) 13... dxe5 14. Qh5+ Kd8 15. cxd4 Nxc4 $19) 13. cxd4 Be6 $5
{Radjabov tem um bom numero de outras continuacoes interessantes:} (13... g5
14. dxe5 dxe5 15. d4 Rxf7 16. Bxf7+ Kxf7 17. Bxf4 exf4
{Nao e facil avaliar esta posicao. Entretanto, as brancas possuem poucas pecas, ao passo que o par de Bispos das pretas pode ter papel decisivo no desfecho da partida}) (
{ou} 13... cxd4 14. d3 Ne6 15. f4 $1 exf4 16. e5 $1 Kxf7 17. exd6 Bxd6 18. Qg4
g5 19. Bxe6+ Bxe6 20. Qxe6+ Kg7
{as brancas manobraram para recuperar as pecas perdidas, contudo elas perderam os seus Peoes. Alem disso, as pretas possuem vantagem no desenvolvimento.})
14. Nxe5 $1 ({Apos} 14. Nxd6+ Qxd6 15. d3 Bxc4 16. Bxf4 exf4 17. dxc4 cxd4
18. e5 Qb6 {as pretas ficam com uma peca a mais.}) 14... dxe5 15. d5 b5 $6 (
{Um pouco mais calmo era} 15... Bf7 16. d4 g5 17. Qa4+ Kd8 18. dxe5 Qxe5
{com um combate complicado.}) 16. d4 $3
{Ja era tempo de completar o desenvolvimento na ala da dama.} 16... bxc4 (
16... Bf7 17. Bxf4 exf4 18. d6 $1 Qxd6 19. e5 Qxd4 20. e6 $1 O-O-O 21. exf7
bxc4 22. Qa4
{e o ataque branco contra o monarca inimigo deve ser compensacao suficiente pela peca.})
17. Bxf4 exf4 18. dxe6 O-O-O ({No caso de} 18... cxd4 19. Qh5+ g6 20. Qxg6+ Kd8
21. Red1 $1 d3 (21... Qg7 22. Qf5 $1) 22. Rac1
{as pretas nao conseguiriam segurar a pressao das Torres brancas. Por exemplo}
22... Rg7 23. Qf5 Bd6 24. Qd5 Rc8 25. e5 Ke7 26. exd6+ Qxd6 27. Rxd3 $1 $18)
19. d5
{Eu devo assumir que a posicao e aproximadamente igual. As pretas nao conseguem destruir a formacao central de Peoes das brancas, no entanto elas podem controla-la.}
19... Qe5 20. Rc1 g5 21. Rxc4 Rb7 22. b3 ({Um arriscado} 22. b4 $6
{nao resolve,} 22... Rxb4 23. Rxb4 cxb4 24. Qa4 Kb7 25. Qc6+ Ka7 26. Rc1 Bd6
{e as pretas impedem o ataque do oponente.}) 22... Kb8 23. Ra4 Ka7 24. Qe2 Rb6
25. Rc4 Bd6 26. Qh5 Rb7 27. Qd1
{O apuro de tempo das brancas explica esta repeticao de lances aqui.} 27... f3
28. Qxf3 $1 ({Apos} 28. g3 $2 g4 {as pretas ganham forca na coluna "h".})
28... Qxh2+ 29. Kf1 Qe5 $2 {Radjabov comete um serio erro.} (29... Rc8
{era o melhor lance, protegendo o Peao c5.}) 30. Qc3 $1
{A intuicao do jogador Cubano (nao havia tempo para ele pensar) certamente lhe disse que ficara muito mais facil para promover os seus Peoes se as Damas nao estiverem no tabuleiro.}
30... Rb5 $6 ({As pretas possuem mais oportunidades de defesa apos} 30... Rc7
31. Qxe5 Bxe5 32. Rec1 Kb6 33. b4 cxb4 34. Rxb4+ Ka7 35. Rxc7+ Bxc7) 31. Qxe5
$1 Bxe5 32. Rec1 Bd6 33. Ke2 h5 34. g3
{As brancas querem passar um Peao na coluna "f".} 34... Rb7 35. Rh1 Rh7 36. Ke3
Rf8 {Tudo esta pronto para a ruptura final... e ai vem ela!} 37. b4 $3 cxb4
38. Rc6 Bb8 39. d6 Kb7 40. Rhc1 Rfh8 41. e5 h4 42. e7 h3 43. Rc8 $1 $18 Rxc8
44. Rxc8 h2 45. Rc1 {O Peao passado preto ficou parado a um passo da promocao.}
1-0

[Event "Campeonato Mundial da FIDE"]
[Site "CXC"]
[Date "2004.06.29"]
[Round "5.2"]
[White "Kharlov, A."]
[Black "Topalov, V."]
[Result "0-1"]
[WhiteElo "2593"]
[BlackElo "2737"]
[EventDate "2004.06.19"]
[Annotator "MI Maxim Notkin"]
[PlyCount "106"]

1. e4 e5 2. Bc4 Nf6 3. d3 {Esta linha conduz a um calmo jogo posicional.}
3... c6 4. Nf3 Be7 5. O-O (
{No meu banco de dados, eu encontrei duas partidas com a ingenua continuacao} 
5. Nxe5 $2 Qa5+) 5... d6 6. a4 O-O 7. Re1 Nbd7 8. Nc3
{Normalmente as brancas colocam o seu Peao em c3 e transferem o Cavalo para g3 ou e3 via d2 e f1.}
8... Nc5 9. d4 exd4 10. Nxd4 a5
{A posicao lembra uma Defesa Philidor. Nos proximos lances as brancas tentarao incrementar a sua vantagem de espaco, evitando as tentativas de liberdade do oponente.}
11. Bf4 Ng4 12. Be2 Nf6 13. Bf3 Re8 14. Qd2 g6 15. h3 Nfd7 16. Rad1 Bf8
{Em seu famoso livro sobre o Torneio de Candidatos de 1953, Bronstein explicou tudo sobre o Peao d6 nesta especie de estrutura. Para obter exito em ataca-lo, as brancas precisam tirar o seu Cavalo de d4 em algum momento. E encontrar um local apropriado para ele nao e uma tarefa facil.}
17. g4 Qb6 18. Bg2 Ne5 ({Evidentemente mau era} 18... Qxb2 $2 19. Rb1 Qa3
20. Ra1 Qb4 21. Reb1 Qc4 22. Bf1) 19. b3 Qb4 20. Nde2 f6 21. Be3
{E agora Topalov decidiu mudar o rumo dos acontecimentos.} 21... h5 $5 22. f4 (
22. gxh5 {teria sido respondido por} 22... Bxh3 $1
{com uma posicao complicada.}) 22... Nxg4 23. hxg4 Bxg4
{Topalov resolveu o problema de seu Bispo passivo por um meio bastante radical. Parece um blefe, mas todas as pecas pretas estao ativas e, o que e mais importante, ocupam estaveis posicoes.}
24. Qc1 ({Se as brancas tentassem trocar as Damas com} 24. Qd4
{a mesma resposta} 24... f5 {serve.}) 24... f5 25. Rd4 ({No caso de} 25. exf5
gxf5 26. Bd5+ $5 {as pretas simplesmente jogam} 26... Kh7 ({mas nao} 26... cxd5
$2 27. Nxd5 Qe4 $4 28. Nf6+)) 25... Qb6 26. Qd2 Qc7 27. Bf2 Re6 28. Rc4 Rae8
29. Nd4 (29. e5
{merecia consideracao, mas as diversas cravadas impedem que as brancas consigam vantagem material nas linhas}
29... dxe5 30. Rxc5 (30. Bxc5 Bxc5+ 31. Rxc5 Qb6) (30. fxe5 Qxe5 $1 31. Nf4 Qd6
$1) 30... Bxc5 31. Bxc5 exf4) ({a outra maneira de seguir essa ideia} 29. Bxc5
dxc5 30. e5 {nao e muito promissora por causa de} 30... g5 $1) 29... Rxe4 $1
30. Nxe4 Nxe4 31. Bxe4 fxe4
{Fantastico! Topalov tem uma superpoderosa estrutura de Peoes e, alem disso, as pecas brancas estao obrigadas a defender o Peao f4.}
32. Rc3 d5 33. Rg3 Bd6 34. Be3 Qd7 35. c3 ({No caso de} 35. Qxa5
{Kharlov temia} 35... c5 36. Nb5 d4 37. Nxd6 Qxd6 {seguido de e4-e3}) 35... Rf8
36. Rf1 b6 37. Rf2 c5 38. Nb5
{As outras fugas nao parecem atrativas, contudo, agora o Cavalo estara completamente fora do jogo.}
38... Bb8 39. Rfg2 g5 $1
{O ponto crucial. As brancas nao conseguem encontrar nada para melhorar a posicao, ao passo que as pretas preparam gradualmente o ataque decisivo contra o Peao f4.}
40. Rf2 (40. Rxg4 hxg4 41. fxg5 Rf3
{seguido de Df5 com vantagem material para as pretas, pois o Cavalo em b5 nao pode ser utilizado.})
40... Kg7 41. Qc1 Kg6
{O Peao g nao precisava da protecao do Rei. Mas alguns lances sao importantes durante a partida.}
42. Qf1 Rf5 ({Depois de} 42... Qf5 $5 43. fxg5 Qxf2+ $1 44. Bxf2 Bxg3 45. Bxg3
Rxf1+ 46. Kxf1 Bd1 $1
{o empate esta garantido, porem Topalov nao tem pressa para forcar os acontecimentos.})
43. Rgg2 Qf7 44. fxg5 Bf3 45. Rh2 Bxh2+ 46. Rxh2 ({Se} 46. Kxh2
{entao as pretas jogam o mesmo} 46... Rf4 $1) 46... Rf4 $1
{Se um sacrificio de Torre propiciou estes maravilhosos resultados por que nao tenta-lo novamente?}
47. Bxf4 Qxf4 48. Rg2 $2 ({O correto era} 48. Qe1 {mas depois de} 48... Qxg5+
49. Kf1
{as pretas poderiam lembrar que elas precisam somente de um empate para ganhar o match -}
49... Qf4 ({o lance} 49... e3 {tambem merece atencao.})) 48... h4 $1 49. Qe1 e3
50. Rh2 Qxg5+ 51. Kf1 h3 $1 {Mais uma lembranca de Philidor.} 52. Qb1+ Be4
53. Qb2 Bd3+
{Talvez analises mais profundas possam apontar alguns defeitos na ideia de Topalov. Mesmo assim ela passa uma otima impressao.}
0-1

[Event "Campeonato Mundial da FIDE"]
[Site "CXC"]
[Date "2004.06.28"]
[Round "5.1"]
[White "Topalov, V."]
[Black "Kharlov, A."]
[Result "1-0"]
[WhiteElo "2737"]
[BlackElo "2593"]
[EventDate "2004.06.19"]
[Annotator "GM Alexander Baburin"]
[PlyCount "87"]
[Source "Chess Today"]
[SourceDate "2004.07.02"]

1. d4 d5 2. c4 dxc4
{Kharlov e um bem conhecido especialista no Gambito da Dama Aceito. Talvez ele tenha influenciado Kasparov, que tambem tem feito uso desta linha. Por outro lado, Topalov trabalhou com Ponomariov, que no match dele contra Ivanchuk foi usado este mesmo sistema. Por isso, os dois jogadores estavam bem preparados para este duelo teorico.}
3. e4
{Topalov nunca havia jogado este sistema antes - previamente ele optou por 3.e3 ou 3.Cf3 e 4. e3. Por exemplo, ele venceu uma boa partida contra Kharlov em 2000 jogando a linha da moda. No entanto Ivanchuk era favoravel a 3.e4 e Topalov deve ter analisado este lance quando estava ajudando Ponomariov.}
3... e5
{Esta e a linha principal. Tambem e possivel 3...Cf6, 3...c5, 3...Cc6 ou 3...b5.}
4. Nf3 Bb4+ 5. Nc3 exd4 6. Nxd4 ({Tambem e possivel} 6. Qxd4 Qxd4 7. Nxd4)
6... Ne7 ({Na linha} 6... Qe7 7. Bxc4 Qxe4+ 8. Kf1
{as brancas conseguem perigosa iniciativa.}) 7. Bxc4 Nbc6 8. Be3 Nxd4 9. Qxd4
$5 $146 (9. Bxd4 O-O 10. O-O Nc6 11. Be3 Qxd1 12. Rfxd1 Bxc3 13. bxc3 Be6
14. Be2 Rfd8 15. c4 Ne5 $11 {van Wely-Azmaiparashvili, Ohrid 2001.}) 9... Qxd4
10. Bxd4 O-O 11. a3 $1 ({Apos} 11. O-O Nc6 12. Be3 Bxc3 13. bxc3 Be6
{as pretas conseguiriam uma boa versao da partida van Wely-Azmaiparashvili mostrada acima.})
11... Bxc3+ ({Talvez fosse melhor} 11... Nc6
{embora as brancas manteriam a sua vantagem apos} 12. Bxg7 ({ou} 12. axb4 Nxd4
13. O-O-O Nc6 14. b5 $14) 12... Kxg7 13. axb4 Nxb4 14. Ke2) 12. Bxc3 Be6
13. Be2 $1 Bb3
{Sem duvida Kharlov contava com este lance, porem as brancas nao precisam ocupar a coluna "d" (que poderia resultar em mais trocas) - o par de Bispos delas oferece melhores chances na ala do rei, onde as brancas possuem maioria de Peoes.}
14. h4 $1
{Isto parece ate um exercicio de dominacao do espaco, mas este lance tem outros propositos tambem.}
14... Rfe8 15. Rh3 $1
{Este era um dos propositos - agora o Bispo de b3 esta vulneravel.} 15... Ng6
16. Bd2 Ba4 ({ou} 16... Be6 17. Rc3 Nxh4 18. g3 Ng6 19. Rxc7 $16) 17. h5 Nf8
18. b3 Bc6 19. f3 Ne6 20. Rg3 $1 ({O lance} 20. Be3
{prevenindo o contra jogo preto, poderia ate ser mais preciso, entretanto Topalov obviamente quer colocar o seu Bispo na grande diagonal.})
20... f5 $5
{As pretas buscam uma oportunidade para ativar o seu Bispo. Os jogadores mais fortes sambem que quando uma de suas pecas esta diante de um muro (no caso, a estrutura f3-e4), ela enfrentara problemas ao longo da partida. O evidente ponto fraco do ultimo lance preto e que ele abre a posicao, o que normalmente favorece o lado que possui o par de Bispos.}
21. Bc3 (21. exf5 $4 Nd4) 21... fxe4 22. fxe4 Rad8 (22... Bxe4 23. Bc4 g6
24. O-O-O) 23. Bc4 Bxe4 24. Bxg7 $1 ({Era possivel ganhar um Peao com} 
24. Bxe6+ Rxe6 25. Rxg7+ Kf8 26. Rxc7
{mas as pretas teriam chances de empate, gracas aos Bispos de cores opostas.})
24... Kf7 25. Bc3 Bd5 $1
{As pretas estao se defendendo corretamente, mas as brancas ainda possuem vantagem.}
26. Kf2 Rg8 27. Rxg8 Kxg8 28. Rd1 $1 Bxc4 $2 ({Melhor era} 28... c6
{tentando persistir no centro.}) 29. Rxd8+ Nxd8 30. bxc4
{O computador acredita que as brancas estao muito melhores, e de fato elas podem ja estar ganhas aqui. A sua maioria de Peoes e muito mais importante do que a maioria das pretas - enquanto as brancas podem e vao avancar o Peao g, avancar Peoes no outro lado do tabuleiro dificilmente e um bom negocio para as pretas. O Rei branco esta mais ativo do que o seu inimigo e, alem disso tudo, aqui o Bispo e superior ao Cavalo.}
30... a6
{Se voce coloc ar os seus Peoes nas casas escuras, o Bispo branco os atacara. Coloque-os nas casas claras e o Rei inimigo tera que caminhar nas casas escuras, diminuindo o raio de acao do Bispo...}
31. Ke3 Kf7 32. g4 Ne6 (
{As pretas adorariam centralizar o seu Rei aqui tambem, mas a linha} 32... Ke6
33. g5 Kf5 $2 34. g6 $1 {mostra o quanto isto e perigoso:} 34... hxg6 35. h6
Nf7 36. h7 b5 37. cxb5 axb5 38. Kd4 $1 (38. h8=Q $2 Nxh8 39. Bxh8 c5 $11)
38... g5 39. Kc5 g4 40. Kxb5) 33. Ke4 Nc5+ 34. Kd5 Nd7 35. g5 Nb6+ 36. Kd4 Na4
37. Ba1 Nb6 38. c5 Nc8 39. Ke4 c6 ({Outra tentativa e} 39... Ne7 {mas apos}
40. Bf6 Ng8 41. Bd8 $1 (41. Be5 c6 42. Bd6 Ke6) 41... c6 42. Kf5 Ke8 43. Bf6
{as brancas ganham, porque depois que as pretas jogaram ... c6, qualquer final de Peoes estara ganho para o primeiro jogador.})
40. Bf6 b5 41. Bd8 Ke6 42. h6 $1 Kf7 43. Kf5 a5 44. Bxa5 (44. Bxa5 Ne7+ 45. Ke5
$18) 1-0

[Event "Campeonato Mundial da FIDE"]
[Site "Tripoli LBA"]
[Date "2004.07.05"]
[Round "6.6"]
[White "Kasimdzhanov, R."]
[Black "Topalov, V."]
[Result "1-0"]
[WhiteElo "2652"]
[BlackElo "2737"]
[Annotator "MI Maxim Notkin"]
[PlyCount "83"]
[EventDate "2004.06.19"]
[Source "Chess Today"]
[SourceDate "2004.07.06"]

1. e4 c5 2. Nf3 e6 3. b3
{Evitando um combate nas linhas principais, onde
Topalov e um grande especialista, assim como a maioria dos grandes mestres de
alto nivel.}
3... b6 4. d4 cxd4 5. Nxd4 Bb7 6. Bd3 (
{
Outra maneira de jogar esta posicao era} 6. Nb5
{porem nos veremos mais tarde
que Kasimdzhanov nao gosta muito de sacrificar Peoes. Pelo menos nao
prematuramente.})
6... Bc5 7. Be3 ({Apos b2-b3, parece logico jogar} 7. Bb2 {
mas se} 7... Qf6
{as brancas estao forcadas a fechar a grande diagonal com} 8. c3
{Alem disso, o desenvolvimento do Bispo em e3 tem a sua razao.}) 7... Qf6 8. c3
{Para mim, esta posicao parece uma estranha mistura da Paulsen com a
variante 4...Bc5 da Abertura Escocesa.}
8... Nc6 9. Bc2 (
{A unica partida
assim jogada anteriormente foi a disputada entre Sadvakasov - Dao Thien Hai,
Calicute 1998:} 
9. O-O Nge7 ({talvez Kasimdzhanov nao gostou de} 9... Nxd4 10. cxd4 Bxd4
11. Bb5 e5 {
e as brancas precisam provar que possuem compensacao}) 10. Nb5
O-O 11. Bxc5 bxc5 12. Nd6 Rab8 13. f4 e5 14. fxe5 Qxe5 15. Bc4 Nd8
{
com empate por comum acordo.}) 9... Nxd4 10. cxd4 Bb4+ 11. Kf1 ({O natural} 
11. Nd2 $2 {e refutado por} 11... Qg6 $1 {ganhando um Peao apos:} 12. O-O (
{
se o Rei permanecesse no centro, as consequeencias poderiam ser ainda piores -
} 
12. Qf3 Rc8 13. Bd3 Nf6 14. e5 $2 Qxd3 15. Qxb7 Ne4 $1 16. Qxc8+ Ke7 17. Qc1
Nc3 {e as pretas ganham a Dama}) 12... Bxd2 13. Qxd2 Bxe4 14. Bxe4 Qxe4)
11... Rc8 ({Era mais preciso} 11... Qg6
{
mirando os pontos e4 e g2, alem disso, tentando provocar o avanco f2-f3 apos}
12. a3 Be7) 12. a3 Be7 13. h4 $1 ({No caso de} 13. e5
{
as pretas possuem a unica resposta suficiente} 13... Qh4
{
mas agora o avanco do Peao do Rei e um seria ameaca.}) 13... e5 (
{
Ja era tarde para} 13... Qg6 $4 14. h5 {e a Dama esta presa.}) 14. dxe5 Qxe5
15. Bd4 Qc7 ({Uma alternativa razoavel era} 15... Qb5+ 16. Kg1 (16. Bd3 $2 Rc1
$1 $19) 16... Bf6
{Topalov nao temia a captura em g7, no entanto ele
subestimou o poder do Bispo branco de casas escuras.})
16. Nc3 (16. Bxg7 $4 Qxc2 17. Qxc2 Rxc2) 16... Nf6 17. Rh3 $1
{A Torre nao possui outro
caminho para entrar no jogo. Alem disso esta manobra forcada e muito forte. O
Cavalo branco ganha uma protecao a mais, ao passo que a ofensiva na ala do rei
ganha um reforco de peso.}
17... O-O $2 {O Rei devia ter ficado no centro.} ({
Apos} 17... Qf4 $5
{a posicao esta aproximadamente igual.}) 18. e5 Nd5 19. Qg4
{Apareceram muitas ameacas desagradaveis para as pretas. De fato isto nao e
muito surpreendente, pois as pecas do segundo jogador estao muito afastadas de
seu Rei.}
19... g6 20. h5 f5 $6
{Provavelmente Topalov concentrou as
suas esperancas neste lance, mas a protecao de seu Rei ficou totalmente
arruinada.} (
{O lance} 20... Nxc3 {perde para} 21. Rxc3 Qd8 22. hxg6 fxg6 23. Bxg6) (
{objetivamente melhor era} 20... Qc6 $5 {mas depois de} 21. hxg6 fxg6 22. Nxd5
Qxd5 23. Bxg6 Qxg2+ 24. Qxg2 Bxg2+ 25. Kxg2 hxg6 26. Rah1 Kf7 (26... Bxa3 $2
27. e6 dxe6 28. Rh7 $18) 27. b4
{
as pretas estao incapazes de jogar por uma vitoria.}) 21. Bxf5 $1
{
Este e o ponto principal.} ({Se} 21. exf6 Nxf6 22. Qh4 ({no caso de} 
22. Bxf6 Bxf6 23. hxg6 {as pretas simplesmente tomam a peca} 23... Bxc3
{
e aqui nao ha mate forcado}) 22... Qc6
{
a posicao esta confusa e com chances para os dois lados.}) 21... Nf4 $1
{
Uma defesa criativa.} ({Era mau} 21... Rxf5 22. hxg6
{
e o Rei preto nao sobrevive, por exemplo} 22... Rg5 23. gxh7+ Kf7 24. Rf3+
Kg7 (24... Kg6 25. Qe4+ {tomando em d5}) 25. e6+ Kxh7 26. Qh4+ Kg6 27. Qe4+ Kh6
28. Rh3+ {liquidando.}) 22. Rg3 $1 {Este calmo lance e decisivo.} ({Apos} 
22. Qxf4 $2 Rxf5 {nenhum ganho e possivel.}) 22... Rxf5 23. hxg6 $5 (23. Qxf5
Rf8 24. Qg4 {tambem era suficientemente bom.}) 23... h5 24. Qxf5 Rf8 25. Qc2
Ba6+ $5 26. Ke1 {O Rei precisa retornar.} ({O lance} 26. Kg1 $2
{
e respondido por} 26... Ne2+) 26... h4 27. g7 (
{Mais preciso era o imediato} 27. Rg4 {e se} 27... Ne6 (27... Nd3+ 28. Kd1)
28. Qd2 Nxd4 29. Qxd4 Bc5 30. Qd5+ Kg7 31. f4 $5 Bb4 32. Rc1 $1 Bxc3+ 33. Kd1
{
a iniciativa preta acaba ao mesmo tempo que o seu Rei fica indefensavel.})
27... Rc8 28. Qe4 $1 ({A continuacao} 28. Rg4 Ne6
{poderia ter causado
alguns problemas para o Cavalo em c3. Kasimdzhanov decide consolidar a posicao
por meio de um sacrificio de qualidade.})
28... hxg3 29. Qxf4 Qc6 ({Era melhor
} 29... gxf2+ 30. Kxf2 Bc5 {mas apos}
31. Nd5 Bxd4+ 32. Qxd4 Qc5 33. Qxc5 Rxc5 34. Rd1
{as pretas estao lutando por no maximo um empate, que e
absolutamente inaceitavel para elas, devido a derrota na primeira partida.})
30. Qxg3 Qh6 31. Qh3 Qg6 {
Evitando a troca de Damas e dando um quarto Peao!}
32. Qxd7 Rxc3 33. Qd5+
{
Um util lance intermediario, embora o xeque em e4 nao seja realmente perigoso.}
33... Kxg7 34. Bxc3 Qc2 35. Qd2 Qh7 36. e6+ Kg8 37. Qe3 Qh1+ 38. Kd2 Qh4 (
{Para
} 38... Qxg2 {a resposta humana seria} 39. Qd4 ({o computador sugere} 
39. Rh1 $5 {e, evidentemente, isto ganha mais rapido.})) 39. Qg3+ ({O lance} 
39. Rh1 $1 Qxh1 40. Qg3+ {aqui tambem ganha em poucos lances.}) 39... Bg5+
40. Kd1 Qh5+ 41. f3 Qg6 42. Qb8+ 1-0